Neoricardiánství jako pokus o tzv. renesanci klasiky

Neoricardiánstvo ako alternatívny prúd k súčasnej všeobecnej ekonomickej teórii. Spochybnenie zásadnej koncepcie neoklasickej ekonomickej teórie najmä v týchto smeroch: a) snaha zmeniť smer a poňatie teoreticko-ekonomickej analýzy; b) pokus vyriešiť modernými nástrojmi vedy Ricardov tzv. neriešiteľn...

Descrizione completa

Salvato in:
Dettagli Bibliografici
Autore principale: Rumler, M.
Natura: Capitolo di libro
Lingua:ceco
Soggetti:
Tags: Aggiungi Tag
Nessun Tag, puoi essere il primo ad aggiungerne!!

MARC

LEADER 00000naa a2200000 4500
001 r000839
005 20221213082955.9
041 0 |a cze 
044 |a CZ 
245 1 0 |a Neoricardiánství jako pokus o tzv. renesanci klasiky  |c M. Rumler 
520 |a Neoricardiánstvo ako alternatívny prúd k súčasnej všeobecnej ekonomickej teórii. Spochybnenie zásadnej koncepcie neoklasickej ekonomickej teórie najmä v týchto smeroch: a) snaha zmeniť smer a poňatie teoreticko-ekonomickej analýzy; b) pokus vyriešiť modernými nástrojmi vedy Ricardov tzv. neriešiteľný problém; c) spochybnenie teórie hraničnej produktivity ako základu teórie rozdeľovania na makroekonomickej úrovni; d) spochybňovanie predmetu ekonomickej teórie ako vedného odboru, ktorý hľadá svoj zmysel v objasňovaní optimálneho rozhodovania ekonomických subjektov. 
610 2 0 |a teórie ekonomické 
610 2 0 |a neoricardiánstvo 
610 2 0 |a neoklasicizmus 
610 2 0 |a keynesizmus 
100 1 |a Rumler, M.